书目信息 |
| 题名: |
英语词法概论
|
|
| 作者: | 王文斌 著 | |
| 分册: | ||
| 出版信息: | 上海 上海外语教育出版社 2005.11 |
|
| 页数: | 345页 | |
| 开本: | 21cm | |
| 丛书名: | 21世纪英语学习丛书 | |
| 单 册: | ||
| 中图分类: | H314.1 | |
| 科图分类: | ||
| 主题词: | 英语--ying yu--词法 | |
| 电子资源: | ||
| ISBN: | 7-81095-838-0 | |
| 000 | 00839nam 2200265 450 | |
| 001 | CAL 012006018277 | |
| 005 | 20060602164021.98 | |
| 010 | @a7-81095-838-0@dCNY 18.00 | |
| 099 | @aCAL 012006018277 | |
| 100 | @a20060307d2005 ekmy0chiy0121 ea | |
| 101 | 0 | @achi@aeng |
| 102 | @aCN@b310000 | |
| 200 | 1 | @a英语词法概论@Aying yu ci fa gai lun@d= An introduction to English morphology@f王文斌著@zeng |
| 210 | @a上海@c上海外语教育出版社@d2005.11 | |
| 215 | @a345页@d21cm | |
| 225 | 2 | @a21世纪英语学习丛书@A21 shi ji ying yu xue xi cong shu |
| 312 | @a有书目 | |
| 410 | 0 | @12001 @a21世纪英语学习丛书 |
| 510 | 1 | @aIntroduction to English morphology@zeng |
| 606 | 0 | @a英语@Aying yu@x词法 |
| 690 | @aH314.1@v4 | |
| 701 | 0 | @a王文斌@Awang wen bin@4著 |
| 801 | 0 | @aCN@bWUL@c20060602 |
| 905 | @dH314.1@eW370 | |
| 906 | @dCNY 18.00@n3@r1 | |
| 英语词法概论= An introduction to English morphology/王文斌著.-上海:上海外语教育出版社,2005.11 |
| 345页;21cm.-(21世纪英语学习丛书) |
| ISBN 7-81095-838-0:CNY 18.00 |
| ● |
| 相关链接 |
|
|
|
正题名:英语词法概论
索取号:H314.1/W370
 
预约/预借
| 序号 | 登录号 | 条形码 | 馆藏地/架位号 | 状态 | 备注 |
| 1 | 606145 | 206061456 | 语言库209/209语言库 36排1列1层/ [索取号:H314.1/W370] | 在馆 | |
| 2 | 606146 | 206061465 | 语言库209/209语言库 36排1列1层/ [索取号:H314.1/W370] | 在馆 | |
| 3 | 606147 | 206061474 | 语言库209/209语言库 49排2列3层/ [索取号:H314.1/W370] | 在馆 |